000 004640000a22001810004500
020 _a0-89922-165-3
041 0 _aSPA
082 0 4 _aG 266 C838c
100 1 _aCostas, Orlando E. (1941-1987)
245 1 0 _aCompromiso y misión / Orlando Costas
260 _aSan José, Costa Rica : Caribe
300 _a159 Pag
001 7219
942 _cBK
999 _c37439
_d37439
336 _atexto
_btxt
_2rdacontent
337 _2rdamedia
_asin mediación
_bn
338 _2rdacarrier
_avolumen
_bnc